000 00724nam a22002177a 4500
005 20100806155829.0
010 _aENG-98754
020 _c55.00
035 _aEN-82286
037 _bDBAD/PUB
082 _a620.5
100 _aAkila, K.
_98005
245 _aNano physics /
_cby K. Akila
260 _aChennai
_bToday Publication
_c2008
270 _a192, S. R. Complex, Bells Road,
_bChennai
_e600005
300 _a94p.
_c20cm (pbk)
650 _bNanoscience
_98006
650 _bNanotechnology
_98007
942 _2ddc
_cEN
_h620.5
_mAKI
999 _c24836
_d24836